Sky Train : (Record no. 153838)

MARC details
000 -LEADER
fixed length control field 00623nam a22001937a 4500
005 - DATE AND TIME OF LATEST TRANSACTION
control field 20180711154035.0
010 ## - LCCN (DPL NO)
LC control number ENG-123509
020 ## - INTERNATIONAL STANDARD BOOK NUMBER
International Standard Book Number 9789381626177
Terms of availability 350.00
035 ## - SYSTEM CONTROL NUMBER
System control number EN-107041
037 ## - SOURCE OF ACQUISITION
Source of stock number/acquisition DBAD/PUB
082 ## - DEWEY DECIMAL CLASSIFICATION NUMBER
Classification number 305.4209515
100 ## - MAIN ENTRY--PERSONAL NAME
Personal name Sam, Canyon
245 ## - TITLE STATEMENT
Title Sky Train :
Statement of responsibility, etc by Canyon Sam
Remainder of title tibetan women on the edge of history /
260 ## - PUBLICATION, DISTRIBUTION, ETC. (IMPRINT)
Place of publication, distribution, etc New Delhi
Name of publisher, distributor, etc Tranquebar Press
Date of publication, distribution, etc 2009
270 ## - ADDRESS
Address 4323/3, Ansari Road, Daryaganj,
City New Delhi
Postal code 110002
300 ## - PHYSICAL DESCRIPTION
Extent 348p.
Dimensions 20cm.(pbk)
Other physical details ill.
500 ## - GENERAL NOTE
General note Foreword by his holiness the 14th dalai lama
942 ## - ADDED ENTRY ELEMENTS (KOHA)
Source of classification or shelving scheme Dewey Decimal Classification
Item type English Books
Classification part 305.4209515
Call number suffix SAM
Holdings
Withdrawn status Lost status Not for loan Collection code Home library Current library Date acquired Source of acquisition Cost, normal purchase price Full call number Barcode Copy number Cost, replacement price Koha item type
      Non-fiction Shahdara Branch Shahdara Branch 11/07/2018 DBAD/PUB 350.00 305.4209515 SAM EN-107041 1 350.00 English Books

© Delhi Public Library
Hit Counter
free hit counter